000 00277nam a2200109Ia 4500
005 20251222144755.0
008 251222s9999||||xx |||||||||||||| ||spa||
082 _a338.642.5/B22
245 0 _aPequeña Empresa y Artesanía
264 _bBanco Industrial del Perú
942 _cLIB
999 _c19491
_d19491